[Event "CRO-chT1B 28th"]
[Site "Mali Losinj"]
[Date "2019.10.03"]
[Round "6.14"]
[White "Trbojevic, Mladen"]
[Black "Vlaic, Branko"]
[Result "1-0"]
[WhiteElo "2338"]
[BlackElo "2270"]
[PlyCount "163"]
[EventDate "2019.09.28"]
[EventType "team-tourn"]
[EventRounds "9"]
[EventCountry "CRO"]
[SourceTitle "EXT 2020"]
[Source "ChessBase"]
[SourceDate "2019.10.17"]
[SourceVersion "1"]
[SourceVersionDate "2019.10.17"]
[SourceQuality "1"]
[WhiteTeam "Strigova Stridon"]
[BlackTeam "Sibenik"]
[WhiteTeamCountry "CRO"]
[BlackTeamCountry "CRO"]

1. e4 c6 2. Nc3 d5 3. Nf3 Nf6 4. e5 Ne4 5. Ne2 Qb6 6. d4 e6 7. Ng3 Nxg3 8. hxg3 Be7 9. Bd3 c5 10. dxc5 Qxc5 11. 0-0 Qc7 12. Re1 Nc6 13. Ng5 h6 14. Nh3 Nxe5 15. Bf4 Bd6 16. Bb5+ Bd7 17. Bxe5 Bxe5 18. Bxd7+ Kxd7 19. Qh5 f6 20. c4 Qxc4 21. Qf7+ Kd6 22. Rac1 Rhf8 23. Qxb7 Rfb8 24. Qxg7 Rg8 25. Qxh6 Qxa2 26. Ra1 Qc4 27. Rec1 Qb5 28. Qh7 Rgc8 29. Rxc8 Rxc8 30. Rxa7 Bxb2 31. Qe7+ Ke5 32. f4+ Kd4 33. Kh2 Rc6 34. Qxf6+ Kd3 35. Qg6+ Kd2 36. f5 exf5 37. Qxf5 Qd3 38. Qg5+ Kc2 39. Nf4 Qd4 40. Rd7 Qh8+ 41. Nh3 Qe5 42. Qg8 d4 43. Qh7+ Kc3 44. Nf4 Qb5 45. Rd5 Qa6 46. Qe4 Kb3 47. Qf3+ Bc3 48. Rxd4 Rh6+ 49. Nh3 Rf6 50. Qd1+ Kb2 51. Re4 Qc6 52. Re2+ Ka3 53. Qb1 Qc4 54. Re4 Bd4 55. Rf4 Rh6 56. Qd1 Rd6 57. Qf3+ Kb4 58. Rf7 Rb6 59. Rf4 Rd6 60. Qb7+ Rb6 61. Qxb6+ Bxb6 62. Rxc4+ Kxc4 63. Nf4 Kd4 64. Kh3 Ke5 65. Kh4 Kf5 66. Kh5 Be3 67. Nd5 Bd2 68. g4+ Ke6 69. Nb6 Kf6 70. g5+ Kg7 71. Nd5 Bc1 72. Ne7 Kf7 73. Nf5 Kg8 74. Kg6 Bb2 75. Ne3 Bc3 76. Nd5 Bb2 77. Nf6+ Kh8 78. Kf7 Bc1 79. g6 Bh6 80. Nh5 Bg7 81. g4 Bh6 82. g7+ 1-0

[Event "CRO-chT1B 27th"]
[Site "Biograd"]
[Date "2018.09.16"]
[Round "2.44"]
[White "Vlaic, Branko"]
[Black "Martic, Zlatko"]
[Result "1/2-1/2"]
[WhiteElo "2246"]
[BlackElo "2244"]
[PlyCount "56"]
[EventDate "2018.09.15"]
[EventType "team-swiss"]
[EventRounds "9"]
[EventCountry "CRO"]
[SourceTitle "CBM 186 Extra"]
[Source "ChessBase"]
[SourceDate "2018.08.24"]
[SourceVersion "1"]
[SourceVersionDate "2018.08.24"]
[SourceQuality "1"]
[WhiteTeam "Sibenik"]
[BlackTeam "Slavonski Brod Dakovic"]
[WhiteTeamCountry "CRO"]
[BlackTeamCountry "CRO"]

1. d4 Nf6 2. Nf3 c5 3. d5 g6 4. Nc3 Bg7 5. e4 0-0 6. e5 Ng4 7. Bf4 d6 8. exd6 exd6 9. Be2 Re8 10. 0-0 a6 11. a4 Ne5 12. h3 Nbd7 13. Qd2 b6 14. Rfe1 Nxf3+ 15. Bxf3 Ne5 16. Be2 f5 17. Bg5 Qc7 18. Bf1 Bd7 19. f4 Nf7 20. Rxe8+ Rxe8 21. Bh4 Qb7 22. Qd3 b5 23. axb5 axb5 24. Nxb5 Bxb2 25. Rb1 Bg7 26. c4 Qb6 27. Bf2 Qa5 28. Be2 Qa2 1/2-1/2

[Event "CRO-chT1B 25th"]
[Site "Sibenik"]
[Date "2016.10.11"]
[Round "4.2"]
[White "Novak, Danijel"]
[Black "Vlaic, Branko"]
[Result "1/2-1/2"]
[WhiteElo "2334"]
[BlackElo "2205"]
[PlyCount "47"]
[EventDate "2016.10.08"]
[EventType "team-tourn"]
[EventRounds "9"]
[EventCountry "CRO"]
[SourceTitle "EXT 2017"]
[Source "ChessBase"]
[SourceDate "2016.10.25"]
[SourceVersion "1"]
[SourceVersionDate "2016.10.25"]
[SourceQuality "1"]
[WhiteTeam "Pula"]
[BlackTeam "Sibenik"]
[WhiteTeamCountry "CRO"]
[BlackTeamCountry "CRO"]

1. e4 g6 2. d4 Bg7 3. Nc3 d5 4. exd5 Nf6 5. Bc4 Nbd7 6. Qf3 Nb6 7. Bb3 a5 8. a4 Bg4 9. Qg3 Bf5 10. Nf3 Nbxd5 11. Nxd5 Nxd5 12. 0-0 c6 13. Bg5 0-0 14. Rfe1 Re8 15. Qh4 f6 16. Bd2 Qd7 17. Rad1 Be6 18. Bh6 Bf7 19. Bxg7 Kxg7 20. Qe4 Rad8 21. h4 h5 22. g3 Qh3 23. Nd2 e5 24. dxe5 1/2-1/2

[Event "CRO-chT1B 25th"]
[Site "Sibenik"]
[Date "2016.10.10"]
[Round "3.5"]
[White "Tica, Sven"]
[Black "Vlaic, Branko"]
[Result "1/2-1/2"]
[WhiteElo "2333"]
[BlackElo "2205"]
[PlyCount "102"]
[EventDate "2016.10.08"]
[EventType "team-tourn"]
[EventRounds "9"]
[EventCountry "CRO"]
[SourceTitle "EXT 2017"]
[Source "ChessBase"]
[SourceDate "2016.10.25"]
[SourceVersion "1"]
[SourceVersionDate "2016.10.25"]
[SourceQuality "1"]
[WhiteTeam "Rijeka Rijeka"]
[BlackTeam "Sibenik"]
[WhiteTeamCountry "CRO"]
[BlackTeamCountry "CRO"]

1. d4 e6 2. g3 Nf6 3. c4 d5 4. Nf3 Be7 5. Bg2 0-0 6. 0-0 c6 7. Qc2 b6 8. Nbd2 Bb7 9. Rd1 Na6 10. a3 c5 11. dxc5 bxc5 12. cxd5 exd5 13. b3 Qb6 14. Bb2 Rfd8 15. e3 Nc7 16. b4 c4 17. Bd4 Qa6 18. Rdb1 Ne6 19. b5 Nxd4 20. Nxd4 Qb6 21. a4 a5 22. bxa6 Qxa6 23. Nxc4 Rdc8 24. Qb2 Rxc4 25. Bf1 Bc8 26. a5 Bd8 27. Ra3 Be6 28. Bxc4 dxc4 29. Nxe6 fxe6 30. Qb5 Kf7 31. Qxa6 Rxa6 32. Rc1 Rxa5 33. Rxa5 Bxa5 34. Rxc4 Bd8 35. Kg2 e5 36. e4 g5 37. f3 Be7 38. Kf2 Ke6 39. Ke3 Bd6 40. Rc8 Kd7 41. Ra8 Ne8 42. Kd3 Nf6 43. Ra5 Ke6 44. Ra7 Nd7 45. Kc4 Nf6 46. Rg7 g4 47. fxg4 Bf8 48. Ra7 Be7 49. Ra6+ Bd6 50. Ra7 Be7 51. Ra6+ Bd6 1/2-1/2

[Event "CRO-chT"]
[Site "Bol"]
[Date "2014.05.17"]
[Round "5.10"]
[White "Vlaic, Branko"]
[Black "Pavic, Filip"]
[Result "0-1"]
[WhiteElo "2239"]
[BlackElo "1993"]
[PlyCount "92"]
[EventDate "2014.05.14"]
[EventType "team-swiss"]
[EventRounds "6"]
[EventCountry "CRO"]
[SourceTitle "CBM 160 Extra"]
[Source "ChessBase"]
[SourceDate "2014.07.01"]
[SourceVersion "1"]
[SourceVersionDate "2014.07.01"]
[SourceQuality "1"]
[WhiteTeam "Sibenik"]
[BlackTeam "Busevec Polet"]
[WhiteTeamCountry "CRO"]
[BlackTeamCountry "CRO"]

1. Nf3 Nf6 2. g3 d5 3. Bg2 c6 4. 0-0 Bg4 5. d4 Nbd7 6. Nbd2 e6 7. Re1 Bd6 8. h3 Bh5 9. c3 0-0 10. Qb3 Qb6 11. g4 Bg6 12. Nh4 a5 13. Nxg6 hxg6 14. Qxb6 Nxb6 15. a4 Rfe8 16. Kf1 Nfd7 17. e4 Bf4 18. Nb3 Bxc1 19. Nxc1 Nc4 20. Re2 Nf6 21. e5 Nd7 22. Nd3 Ncb6 23. f4 Rec8 24. Ne1 c5 25. Nf3 cxd4 26. Nxd4 Rc4 27. f5 Nf8 28. Ra3 Rb8 29. Nb3 Rf4+ 30. Rf2 Rxf2+ 31. Kxf2 Nc4 32. Ra2 b6 33. Nd4 Nxe5 34. Bf1 gxf5 35. gxf5 g6 36. fxg6 Nfxg6 37. Ra3 Nf4 38. Ke3 Nfg6 39. Rb3 Kf8 40. Rb5 Ne7 41. b4 N7c6 42. bxa5 Nxa5 43. Nb3 Nac4+ 44. Bxc4 Nxc4+ 45. Kd3 Ra8 46. a5 bxa5 0-1

[Event "CRO-chT"]
[Site "Bol"]
[Date "2014.05.15"]
[Round "3.13"]
[White "Vlaic, Branko"]
[Black "Makovec, Bruno"]
[Result "1/2-1/2"]
[WhiteElo "2239"]
[BlackElo "1952"]
[PlyCount "101"]
[EventDate "2014.05.14"]
[EventType "team-swiss"]
[EventRounds "6"]
[EventCountry "CRO"]
[SourceTitle "CBM 160 Extra"]
[Source "ChessBase"]
[SourceDate "2014.07.01"]
[SourceVersion "1"]
[SourceVersionDate "2014.07.01"]
[SourceQuality "1"]
[WhiteTeam "Sibenik"]
[BlackTeam "Mihovljan Sloboda"]
[WhiteTeamCountry "CRO"]
[BlackTeamCountry "CRO"]

1. d4 Nf6 2. Nf3 e6 3. e3 c5 4. Bd3 b6 5. 0-0 Be7 6. c4 Bb7 7. Nc3 cxd4 8. exd4 d5 9. cxd5 Nxd5 10. Ne5 0-0 11. Qh5 Nf6 12. Qh4 Ne4 13. Qh3 Qxd4 14. Nxf7 Kxf7 15. Bxe4 Bxe4 16. Qg4 Nc6 17. Qxe4 Qxe4 18. Nxe4 h6 19. Be3 Rfd8 20. Rac1 Rac8 21. a3 Na5 22. Rxc8 Rxc8 23. Rc1 Rxc1+ 24. Bxc1 Nb3 25. Be3 Ke8 26. Kf1 Kd7 27. Ke2 Kc6 28. Kd3 Na5 29. Bd4 g6 30. Bf6 Bd6 31. g3 b5 32. h4 h5 33. Bd4 a6 34. Nxd6 Kxd6 35. Ke4 Nc6 36. Bc3 Ke7 37. f3 Kf8 38. Kf4 Kf7 39. g4 hxg4 40. fxg4 a5 41. Kg5 b4 42. axb4 axb4 43. Bf6 e5 44. h5 gxh5 45. gxh5 e4 46. h6 e3 47. h7 e2 48. h8Q e1Q 49. Qh5+ Kf8 50. Qh8+ Kf7 51. Qh5+ 1/2-1/2

[Event "CRO-chT1B 21st"]
[Site "Sibenik"]
[Date "2012.09.28"]
[Round "6.1"]
[White "Zovko, Mario"]
[Black "Vlaic, Branko"]
[Result "1/2-1/2"]
[WhiteElo "2233"]
[BlackElo "2225"]
[PlyCount "81"]
[EventDate "2012.09.23"]
[EventType "team-tourn"]
[EventRounds "7"]
[EventCountry "CRO"]
[SourceTitle "CBM 150 Extra"]
[Source "ChessBase"]
[SourceDate "2012.10.19"]
[SourceVersion "1"]
[SourceVersionDate "2012.10.19"]
[SourceQuality "1"]
[WhiteTeam "Vukovar"]
[BlackTeam "Sibenik"]
[WhiteTeamCountry "CRO"]
[BlackTeamCountry "CRO"]

1. e4 e6 2. d4 d5 3. Nc3 Bb4 4. Nge2 Nf6 5. e5 Nfd7 6. f4 c5 7. a3 cxd4 8. axb4 dxc3 9. bxc3 0-0 10. Be3 f6 11. Nd4 Nb6 12. Qh5 Nc6 13. Nxc6 bxc6 14. Bd3 f5 15. Bc5 Rf7 16. 0-0 Nd7 17. Be3 c5 18. Qf3 Qc7 19. Qf2 c4 20. Be2 a6 21. Ra2 Bb7 22. Rfa1 Qc8 23. Bd4 Bc6 24. Bh5 g6 25. Bf3 Qb7 26. Qh4 Bb5 27. Qh6 Re8 28. h4 Rg7 29. Kh1 Nb8 30. Qg5 Nc6 31. Bc5 Nd8 32. Re1 Nf7 33. Qg3 h5 34. Rd1 Kh7 35. Qf2 Nd8 36. Qe2 Kh6 37. Be3 Kh7 38. Raa1 Kg8 39. Kh2 Nc6 40. Ra2 Ra8 41. Rda1 1/2-1/2

[Event "CRO Cup 21st"]
[Site "Sibenik"]
[Date "2012.05.20"]
[Round "6.92"]
[White "Livaic, Leon"]
[Black "Vlaic, Branko"]
[Result "0-1"]
[WhiteElo "1830"]
[BlackElo "2236"]
[PlyCount "138"]
[EventDate "2012.05.16"]
[EventType "team-swiss"]
[EventRounds "6"]
[EventCountry "CRO"]
[SourceTitle "CBM 148 Extra"]
[Source "ChessBase"]
[SourceDate "2012.06.22"]
[SourceVersion "1"]
[SourceVersionDate "2012.06.22"]
[SourceQuality "1"]
[WhiteTeam "Velika Gorica"]
[BlackTeam "Sibenik"]
[WhiteTeamCountry "CRO"]
[BlackTeamCountry "CRO"]

1. d4 e6 2. c4 b6 3. Nf3 Bb7 4. g3 Nf6 5. Bg2 Bb4+ 6. Bd2 Be7 7. Nc3 0-0 8. 0-0 c5 9. dxc5 bxc5 10. Bg5 Qb6 11. Qc2 d6 12. Rad1 Rd8 13. b3 Na6 14. Nd2 Bxg2 15. Kxg2 h6 16. Bxf6 Bxf6 17. Nce4 Be7 18. Nf3 Rac8 19. Nc3 Nb4 20. Qb1 Qb7 21. Kg1 d5 22. cxd5 exd5 23. a3 Na6 24. Qc2 Rb8 25. Rb1 Nc7 26. Rfd1 Ne6 27. a4 d4 28. Ne4 Qd5 29. Ned2 Re8 30. Qe4 Nc7 31. Qd3 Qh5 32. e4 dxe3 33. Qxe3 Bf8 34. Qd3 Rbd8 35. Qf1 Rd5 36. Kg2 Ne6 37. Re1 Red8 38. Rbd1 Rd3 39. Re3 Rxe3 40. fxe3 Qd5 41. e4 Qh5 42. Rc1 Qg4 43. Kh1 Nd4 44. Nxd4 cxd4 45. Qd3 Bb4 46. Rc2 Bc3 47. Kg2 Qe6 48. h3 Re8 49. Nf3 Rd8 50. Nd2 Rb8 51. Kh2 Rb4 52. Kg2 a5 53. Kh2 Kf8 54. Kg2 Ke7 55. Kh2 g6 56. Kg2 h5 57. h4 Bxd2 58. Rxd2 Qxb3 59. Qxb3 Rxb3 60. Rxd4 Rb4 61. Rd5 Rxa4 62. Kf3 Ke6 63. Rb5 Ra1 64. Rb6+ Ke5 65. Rb5+ Kd4 66. Rb7 a4 67. Ke2 a3 68. Rxf7 a2 69. Ra7 Rh1 0-1

[Event "CRO-chT1B 20th"]
[Site "Sibenik"]
[Date "2011.10.11"]
[Round "8.4"]
[White "Vrhovnik, Damir"]
[Black "Vlaic, Branko"]
[Result "1-0"]
[WhiteElo "2074"]
[BlackElo "2269"]
[PlyCount "109"]
[EventDate "2011.10.04"]
[EventType "team-tourn"]
[EventRounds "9"]
[EventCountry "CRO"]
[SourceTitle "CBM 144 Extra"]
[Source "ChessBase"]
[SourceDate "2011.10.28"]
[SourceVersion "1"]
[SourceVersionDate "2011.10.28"]
[SourceQuality "1"]
[WhiteTeam "Rijeka II"]
[BlackTeam "Sibenik"]
[WhiteTeamCountry "CRO"]
[BlackTeamCountry "CRO"]

1. Nf3 b6 2. g3 Bb7 3. Bg2 g6 4. d4 Bg7 5. 0-0 f5 6. c4 Nf6 7. Nc3 Ne4 8. Qd3 Nxc3 9. Qxc3 c5 10. Be3 Nc6 11. Qd2 d6 12. Bh6 Bf6 13. d5 Na5 14. Rac1 Ba6 15. b3 b5 16. cxb5 Bxb5 17. Ng5 Nb7 18. Ne6 Qb6 19. Bg7 Bxg7 20. Nxg7+ Kd7 21. Rfe1 Rag8 22. Ne6 Kc8 23. a4 Bd7 24. b4 Bxa4 25. bxc5 Nxc5 26. e4 a6 27. e5 Kb8 28. Rb1 Bb5 29. Nd4 Kc7 30. Bf1 Ne4 31. Rec1+ Kd8 32. Qc2 Ke8 33. Qc8+ Kf7 34. Qe6+ Kg7 35. Qxe7+ Kh6 36. Qh4+ Kg7 37. Ne6+ Kf7 38. Rc7+ Qxc7 39. Nxc7 Bxf1 40. e6+ Kg7 41. Ne8+ Kf8 42. Qd8 Bb5 43. Rxb5 axb5 44. Qd7 Ng5 45. h4 Nf3+ 46. Kg2 Ne5 47. Qxd6+ Kxe8 48. Qxe5 Kd8 49. Qd6+ Kc8 50. Qc6+ Kb8 51. Qxb5+ Kc7 52. Qc6+ Kb8 53. e7 Rc8 54. Qb6+ Ka8 55. d6 1-0

[Event "CRO-chT1B 20th"]
[Site "Sibenik"]
[Date "2011.10.05"]
[Round "2.4"]
[White "Vlaic, Branko"]
[Black "Markotic, Gordan"]
[Result "1/2-1/2"]
[WhiteElo "2269"]
[BlackElo "2287"]
[PlyCount "109"]
[EventDate "2011.10.04"]
[EventType "team-tourn"]
[EventRounds "9"]
[EventCountry "CRO"]
[SourceTitle "CBM 144 Extra"]
[Source "ChessBase"]
[SourceDate "2011.10.28"]
[SourceVersion "1"]
[SourceVersionDate "2011.10.28"]
[SourceQuality "1"]
[WhiteTeam "Sibenik"]
[BlackTeam "Dubrovnik"]
[WhiteTeamCountry "CRO"]
[BlackTeamCountry "CRO"]

1. Nf3 Nf6 2. g3 g6 3. Bg2 Bg7 4. b3 0-0 5. Bb2 d6 6. d4 Bg4 7. 0-0 Qc8 8. Re1 Nfd7 9. Nbd2 e5 10. dxe5 dxe5 11. h3 Bf5 12. e4 Be6 13. Ng5 Nb6 14. a4 a5 15. Nxe6 Qxe6 16. Nf1 Nc6 17. c3 Rfd8 18. Qc2 Ne7 19. Ba3 Rd7 20. Rad1 Rad8 21. Rxd7 Rxd7 22. Rd1 Bh6 23. Bc5 Rxd1 24. Qxd1 Nd7 25. Ba3 Nc6 26. Bf3 Nf6 27. h4 Qd7 28. Qxd7 Nxd7 29. Bg4 Ncb8 30. f3 Bf8 31. Bxf8 Kxf8 32. Kf2 Nc5 33. Nd2 Ke7 34. Ke3 b6 35. f4 f6 36. Be2 Nbd7 37. Bc4 h6 38. Bd5 exf4+ 39. gxf4 g5 40. Nf3 c6 41. Bc4 b5 42. axb5 cxb5 43. Bxb5 Nxb3 44. fxg5 fxg5 45. hxg5 hxg5 46. Nxg5 Ndc5 47. Nf3 a4 48. Nd4 a3 49. Nc6+ Kf6 50. Nb4 Ke5 51. Bc6 Nc1 52. Bd5 a2 53. Nxa2 Nxa2 54. Bxa2 Nxe4 55. c4 1/2-1/2

[Event "CRO-chT1B 19th"]
[Site "Sibenik"]
[Date "2010.09.05"]
[Round "2"]
[White "Vlaic, Branko"]
[Black "Srbis, Jurica"]
[Result "1/2-1/2"]
[WhiteElo "2288"]
[BlackElo "2277"]
[PlyCount "166"]
[EventDate "2010.09.04"]
[EventType "team-tourn"]
[EventRounds "9"]
[EventCountry "CRO"]
[SourceTitle "CBM 138 Extra"]
[Source "ChessBase"]
[SourceDate "2010.10.29"]
[SourceVersion "1"]
[SourceVersionDate "2010.10.29"]
[SourceQuality "1"]

1. d4 Nf6 2. Nf3 e6 3. e3 c5 4. Bd3 Nc6 5. b3 d5 6. Bb2 Bd6 7. Nbd2 0-0 8. 0-0 Qc7 9. c4 cxd4 10. exd4 Rd8 11. Rc1 Bf4 12. Qe2 a5 13. Rcd1 a4 14. Bb1 axb3 15. axb3 Qb6 16. Qd3 dxc4 17. Nxc4 Qb5 18. g3 Bc7 19. Qe3 Qh5 20. Nce5 Nb4 21. Rc1 Nbd5 22. Qg5 h6 23. Qxh5 Nxh5 24. Bd3 Nhf6 25. Ra1 Bd7 26. Nxd7 Nxd7 27. Rfc1 Bd6 28. Kf1 N7b6 29. Be4 Bb4 30. Rxa8 Rxa8 31. Ra1 Rxa1+ 32. Bxa1 f6 33. Bb2 Kf7 34. Ne1 Nc8 35. Nd3 Bd6 36. Ke2 Nce7 37. f4 Nc6 38. f5 Na5 39. Nc1 Ke7 40. Kd2 b6 41. fxe6 Kxe6 42. Bc2 f5 43. Bd1 Be7 44. Nd3 Bg5+ 45. Ke2 Nc6 46. Ne1 Bf6 47. Nf3 g5 48. Kd3 b5 49. Be2 g4 50. Ne1 h5 51. Nc2 Bg5 52. Bc3 f4 53. Bd2 Kf5 54. Bf1 h4 55. gxf4 Bxf4 56. Bg2 Nce7 57. h3 g3 58. Be4+ Kf6 59. Be1 Bc1 60. Ke2 Nf4+ 61. Kf3 Nxh3 62. Kg4 Ng5 63. Bg2 Nf5 64. d5 Nf7 65. Bc3+ Kg6 66. Kh3 Kg5 67. Ne1 Ne3 68. d6 Nxd6 69. Nf3+ Kh5 70. Nxh4 Nxg2 71. Nxg2 Bg5 72. Be5 Ne4 73. Bxg3 Nd2 74. Bf4 Nxb3 75. Kg3 Nd4 76. Kf2 b4 77. Bxg5 Kxg5 78. Ne1 b3 79. Nd3 Kf5 80. Ke3 Nb5 81. Nb2 Ke5 82. Kd3 Kd5 83. Na4 Nd4 1/2-1/2